Statistics for Largest cities in Belarus

Click here to take the quiz!

General Stats

  • This quiz has been taken 77 times
  • The average score is 2 of 5

Answer Stats

Answer% Correct
Minsk
100%
Homyel
75%
Hrodna
54%
Mahilyow
8%
Vitsyebsk
8%

Score Distribution

Percentile by Number Answered

Percent of People with Each Score

Your Score History

You have not taken this quiz